000 01333nam a2200253Ia 4500
999 _c49408
_d49408
001 16328
003 GE_BSU
005 20210716153935.0
008 181216s2003||||ge |||||||||||||| ||geo||
020 _aISBN 99928-32-06-1
040 _cGE_BSU
041 _ageo
080 _a343.125(076.5) გ-12
100 _aგაბისონია, იური
_9462
245 _aაღკვეთის ღონისძიებანი სისხლის სამართლის პროცესში :
_bპრაქტ. სახელმძღვ. (საპროცესო დოკუმენტების ნიმუშებითურთ) /
_cიური გაბისონია ; რედ. აპოლონ ფალიაშვილი.
264 _aთბილისი :
_bმერიდიანი,
_c2003.
300 _a420 გვ. ;
_c20 სმ.
541 _h8ლ.
653 _aსამართალი
653 _aსაქართველოს სისხლის სამართალი
653 _aაღკვეთის ღონისძიებანი სისხლის სამართლის პროცესში
700 _aფალიაშვილი, აპოლონ
_eრედაქტორი
_9241
942 _cBK
_2udc